[Event "World ol U16"]
[Site "Konya"]
[Date "2018.12.01"]
[Round "8.19"]
[White "Mairambekova, Aiperi"]
[Black "Karibaev, Dimash"]
[Result "1/2-1/2"]
[WhiteElo "1398"]
[BlackElo "1460"]
[PlyCount "86"]
[EventDate "2018.11.25"]
[EventType "team-swiss"]
[EventRounds "9"]
[EventCountry "TUR"]
[SourceTitle "CBM 187 Extra"]
[Source "ChessBase"]
[SourceDate "2018.11.04"]
[SourceVersion "1"]
[SourceVersionDate "2018.11.04"]
[SourceQuality "1"]
[WhiteTeam "Kyrgyzstan"]
[BlackTeam "Kazakhstan Karaganda"]
[WhiteTeamCountry "KGZ"]
[BlackTeamCountry "KAZ"]

1. e4 e6 2. d3 d5 3. Nd2 Nf6 4. Ngf3 Bc5 5. e5 Ng4 6. d4 Be7 7. Bd3 c5 8. c3 Qb6 9. Bc2 Nc6 10. Ba4 Bd7 11. Bxc6 bxc6 12. 0-0 cxd4 13. cxd4 c5 14. h3 Nh6 15. Nb3 Nf5 16. dxc5 Bxc5 17. Nxc5 Qxc5 18. a3 Rc8 19. Bd2 Qb6 20. b4 Rc4 21. Rc1 Bb5 22. Re1 0-0 23. a4 Rxc1 24. Bxc1 Bc4 25. Ba3 Rc8 26. a5 Qb7 27. Nd4 Nxd4 28. Qxd4 Bb5 29. Rc1 Rxc1+ 30. Bxc1 Qc6 31. Be3 a6 32. Qg4 Qc4 33. Qxc4 dxc4 34. Bd4 Kf8 35. f4 Ke7 36. Kf2 Kd7 37. Ke3 Kc6 38. Ke4 h5 39. g3 Ba4 40. Bc3 Kb5 41. Kd4 Bc2 42. Be1 Bf5 43. h4 g6 1/2-1/2

[Event "World ol U16"]
[Site "Konya"]
[Date "2018.11.26"]
[Round "2.16"]
[White "Mairambekova, Aiperi"]
[Black "Khachatryan, Anna"]
[Result "0-1"]
[WhiteElo "1398"]
[BlackElo "2121"]
[PlyCount "68"]
[EventDate "2018.11.25"]
[EventType "team-swiss"]
[EventRounds "9"]
[EventCountry "TUR"]
[SourceTitle "CBM 187 Extra"]
[Source "ChessBase"]
[SourceDate "2018.11.04"]
[SourceVersion "1"]
[SourceVersionDate "2018.11.04"]
[SourceQuality "1"]
[WhiteTeam "Kyrgyzstan"]
[BlackTeam "Armenia"]
[WhiteTeamCountry "KGZ"]
[BlackTeamCountry "ARM"]

1. e4 Nf6 2. e5 Nd5 3. d4 d6 4. Nf3 g6 5. c4 Nb6 6. Nc3 Bg7 7. Be3 0-0 8. Be2 Bg4 9. exd6 cxd6 10. h3 Bxf3 11. Bxf3 Nc6 12. Be2 d5 13. c5 Nc8 14. 0-0 e5 15. Bb5 N8e7 16. Bxc6 bxc6 17. dxe5 Bxe5 18. Bd4 Bxd4 19. Qxd4 Nf5 20. Qa4 Qf6 21. Qf4 a5 22. Na4 Rfe8 23. b3 Re4 24. Qf3 Rae8 25. Nc3 R4e7 26. Kh1 Qd4 27. Na4 Re2 28. Rad1 Qe5 29. Nc3 Rc2 30. Rfe1 Qxe1+ 31. Rxe1 Rxe1+ 32. Kh2 Rcc1 33. g3 Nd4 34. Qg2 Rxc3 0-1

[Event "Wch U16 Girls"]
[Site "Porto Carras"]
[Date "2018.10.29"]
[Round "10.28"]
[White "Sankova, Stella"]
[Black "Mairambekova, Aiperi"]
[Result "1-0"]
[WhiteElo "2051"]
[BlackElo "1398"]
[PlyCount "75"]
[EventDate "2018.10.20"]
[EventType "swiss"]
[EventRounds "11"]
[EventCountry "GRE"]
[SourceTitle "CBM 187 Extra"]
[Source "ChessBase"]
[SourceDate "2018.11.04"]
[SourceVersion "1"]
[SourceVersionDate "2018.11.04"]
[SourceQuality "1"]

1. e4 e5 2. Nf3 Nf6 3. Bc4 Nxe4 4. Nc3 Nf6 5. Nxe5 d5 6. Bb3 Be6 7. d4 Be7 8. 0-0 0-0 9. Ne2 c6 10. Ng3 Na6 11. f4 Nc7 12. c3 Nb5 13. Bc2 Nd6 14. f5 Bd7 15. Qf3 Nfe8 16. Nh5 Kh8 17. Kh1 Nf6 18. Nxf6 Bxf6 19. g4 Bc8 20. Bf4 Bg5 21. Rae1 Bxf4 22. Qxf4 f6 23. Nf3 Nf7 24. Qg3 Bd7 25. h4 h6 26. Rg1 Re8 27. Rxe8+ Bxe8 28. Qh3 Kg8 29. g5 fxg5 30. hxg5 Nxg5 31. Nxg5 hxg5 32. f6 gxf6 33. Qh7+ Kf8 34. Re1 Rc8 35. Qh6+ Kg8 36. Bh7+ Kf7 37. Qg6+ Kf8 38. Qg8# 1-0

[Event "KGZ-ch U20 Girls"]
[Site "Bishkek"]
[Date "2017.03.25"]
[Round "3.4"]
[White "Mairambekova, Aiperi"]
[Black "Omurbekova, Diana"]
[Result "0-1"]
[WhiteElo "1350"]
[BlackElo "1941"]
[PlyCount "108"]
[EventDate "2017.03.23"]
[EventType "tourn"]
[EventRounds "8"]
[EventCountry "KGZ"]
[SourceTitle "EXT 2022"]
[Source "ChessBase"]
[SourceDate "2021.10.06"]
[SourceVersion "1"]
[SourceVersionDate "2021.10.06"]
[SourceQuality "1"]

1. e4 g6 2. c4 Bg7 3. d4 d6 4. Nc3 Nf6 5. Be3 0-0 6. Nf3 Nbd7 7. Be2 e5 8. dxe5 dxe5 9. h3 c6 10. 0-0 Qe7 11. Qc2 Nh5 12. Nh2 Nf4 13. Bg4 Ne6 14. Ne2 Nd4 15. Qd2 Nb6 16. b3 Rd8 17. Nxd4 exd4 18. Bg5 f6 19. Bh6 c5 20. Bxc8 Raxc8 21. Ng4 Bxh6 22. Qxh6 Qg7 23. Qf4 Nd7 24. Rfe1 h5 25. Nh2 Ne5 26. Rad1 a6 27. Nf3 b5 28. Nxe5 fxe5 29. Qg5 Rf8 30. Rd3 Qf6 31. Qg3 h4 32. Qf3 Qxf3 33. gxf3 Rb8 34. cxb5 axb5 35. Rc1 Rbc8 36. Kg2 c4 37. bxc4 bxc4 38. Ra3 d3 39. Rac3 Rfd8 40. Kf1 Rd4 41. a4 Ra8 42. Ra1 d2 43. Ke2 Rxa4 44. Rd1 Ra2 45. Ke3 g5 46. Ke2 Kf7 47. Ke3 Ke6 48. Ke2 Kd6 49. Ke3 Kc5 50. Ke2 Kb4 51. Re3 c3 52. Rd3 c2 53. Rxd4+ exd4 54. Kxd2 cxd1Q+ 0-1

[Event "KGZ-ch (Women)"]
[Site "Bishkek"]
[Date "2017.03.16"]
[Round "6"]
[White "Mairambekova, Aiperi"]
[Black "Marat, Aliia"]
[Result "1-0"]
[WhiteElo "1350"]
[BlackElo "1315"]
[PlyCount "53"]
[EventDate "2017.03.11"]
[EventType "swiss"]
[EventRounds "9"]
[EventCountry "KGZ"]
[SourceTitle "EXT 2018"]
[Source "ChessBase"]
[SourceDate "2017.10.13"]
[SourceVersion "1"]
[SourceVersionDate "2017.10.13"]
[SourceQuality "1"]

1. e4 e5 2. Nf3 Nc6 3. Bb5 Nf6 4. 0-0 d6 5. d4 Bd7 6. Nc3 exd4 7. Nxd4 Nxd4 8. Bxd7+ Qxd7 9. Qxd4 Be7 10. Bf4 0-0 11. Rad1 Qc6 12. Nd5 Nxd5 13. exd5 Qxc2 14. Rc1 Qg6 15. Rxc7 Bf6 16. Qb4 b6 17. Bxd6 Rfd8 18. b3 Qd3 19. Be7 Bxe7 20. Qxe7 Qxd5 21. Rxa7 g6 22. h3 Rxa7 23. Qxa7 Ra8 24. Qxb6 Rxa2 25. Re1 Rb2 26. Qf6 Qa8 27. Qxb2 1-0

[Event "KGZ-ch FL (Women)"]
[Site "Bishkek"]
[Date "2017.03.02"]
[Round "6"]
[White "Mairambekova, Aiperi"]
[Black "Kubatbek, Kyzy Perizat"]
[Result "1-0"]
[WhiteElo "1350"]
[BlackElo "1183"]
[PlyCount "107"]
[EventDate "2017.02.25"]
[EventType "swiss"]
[EventRounds "9"]
[EventCountry "KGZ"]
[SourceTitle "EXT 2018"]
[Source "ChessBase"]
[SourceDate "2017.10.13"]
[SourceVersion "1"]
[SourceVersionDate "2017.10.13"]
[SourceQuality "1"]

1. e4 e5 2. Nf3 Nc6 3. Bb5 d6 4. d4 a6 5. Bxc6+ bxc6 6. dxe5 Qe7 7. Qd4 Bb7 8. Bg5 f6 9. exf6 gxf6 10. Be3 0-0-0 11. Nbd2 Bg7 12. 0-0-0 f5 13. Qa4 fxe4 14. Qxe4 Qxe4 15. Nxe4 Nf6 16. Nfg5 Rde8 17. Nxf6 Bxf6 18. h4 c5 19. Rhg1 Kd7 20. Bxc5 h6 21. Nf7 Rh7 22. Nxd6 Bxb2+ 23. Kxb2 cxd6 24. Bxd6 Re2 25. Bf4+ Kc8 26. Rd2 Re6 27. g3 h5 28. Rgd1 Rb6+ 29. Kc1 Bc6 30. Rd8+ Kb7 31. Rb8+ Ka7 32. Rdd8 Rxb8 33. Rxb8 Rf7 34. Rh8 Bf3 35. Rc8 Kb7 36. Rc3 Bd5 37. a3 Bc6 38. Kd2 Rd7+ 39. Rd3 Rxd3+ 40. cxd3 Kb6 41. Ke3 Ka5 42. Bd6 Ka4 43. f4 Kb3 44. f5 Be8 45. f6 Bf7 46. Be7 Kc3 47. d4 Kc4 48. Ke4 a5 49. Bc5 a4 50. Kf4 Kd5 51. g4 hxg4 52. Kxg4 Ke6 53. Kg5 Kd5 54. h5 1-0

[Event "KGZ-ch FL (Women)"]
[Site "Bishkek"]
[Date "2017.02.27"]
[Round "3"]
[White "Zairbek Kyzy, Begimay"]
[Black "Mairambekova, Aiperi"]
[Result "1-0"]
[WhiteElo "1742"]
[BlackElo "1350"]
[PlyCount "45"]
[EventDate "2017.02.25"]
[EventType "swiss"]
[EventRounds "9"]
[EventCountry "KGZ"]
[SourceTitle "EXT 2018"]
[Source "ChessBase"]
[SourceDate "2017.10.13"]
[SourceVersion "1"]
[SourceVersionDate "2017.10.13"]
[SourceQuality "1"]

1. e4 d6 2. d4 Nf6 3. Bd3 g6 4. f3 Bg7 5. Be3 0-0 6. Nc3 e5 7. d5 c6 8. Qd2 cxd5 9. exd5 Re8 10. 0-0-0 a6 11. g4 b5 12. Bg5 Nbd7 13. h4 Qa5 14. h5 Nc5 15. Qh2 Nxd3+ 16. Rxd3 Qc7 17. Bxf6 Bxf6 18. Ne4 Bd8 19. Rc3 Qe7 20. Rc6 Bb7 21. Rxd6 Bc7 22. hxg6 fxg6 23. Rd7 1-0